Vývoj stavebních strojů ve světě : BAUMA 1986

Enregistré dans:
Détails bibliographiques
Autres auteurs: Vaněk, Antonín (Compilateur)
Format: Livre
Langue:tchèque
Publié: Praha : Ústav stavebních informací, 1987
Tags: Ajouter un tag
Pas de tags, Soyez le premier à ajouter un tag!

MARC

LEADER 00000nam a22000003a 4500
001 stu225186
005 20150617230124.5
008 110512s1987----cs------------------cze-d
040 |a STU  |b slo 
041 0 |a cze 
044 |a cs 
100 1 |a Vaněk, Antonín  |4 com 
245 1 |a Vývoj stavebních strojů ve světě :  |b BAUMA 1986 
260 |a Praha :  |b Ústav stavebních informací,  |c 1987 
300 |a 1. díl :  |b 186 s 
300 |a 2. díl :  |b 135 s 
996 |b 284V027895  |c V*5603/K-1070a  |l VVT  |s A  |a 24  |w stu225186_0001 
996 |b 284V027894  |c V*5604/K-1070b  |l VVT  |s A  |a 24  |w stu225186_0002